000 00619cam a2200193 4500
001 3228
005 20181127170831.0
008 840402s1937 xx 000 0 gle
010 _a 49031288
020 _a9780451531452
_c
_z
100 0 _aOvid.
_d
240 0 0 _aMetamorphoses.
245 1 0 _aThe metamorphoses /
_cOvid ; translated and with an afterword by Horace Gregory and a new Iintroduction by Sara Myers.
260 _c
_aNew York :
_bSignet Classic,
_c2009.
300 _axvi, 464 p. ;
_c17 cm.
650 0 _aFables, Latin.
650 0 _aMetamorphosis
_xMythology
_vPoetry.
650 0 _aMythology, Classical
_vPoetry.
999 _c2611
_d2611